banner koha

Avaliação do teor e da composição química do óleo essencial de Mentha piperita (L.) Huds durante o período diurno em cultivo hidropônico (Registro n. 298639)

MARC details
000 -LÍDER
fixed length control field 02858nab a2200289 i 4500
003 - CÓDIGO MARC DA AGÊNCIA CATALOGADORA
Campo de controle BR-BrBNA
005 - DATA E HORA DA ÚLTIMA ATUALIZAÇÃO
Campo de controle 20240229114059.0
008 - CAMPO DE TAMANHO FIXO
fixed length control field 240229b2006 bl.qr|p|oa||| 00| 0 por |
040 ## - FONTE DA CATALOGAÇÃO
Agência catalogadora BR-BrBNA
Idioma da catalogação por
072 ## - CATEGORIA AGRIS
Código AGRIS F60
Código do objeto 2290
100 ## - ENTRADA PRINCIPAL - NOME PESSOAL
Nome pessoal Souza, W.P.
100 ## - ENTRADA PRINCIPAL - NOME PESSOAL
Nome pessoal Queiroga, C.L.
100 ## - ENTRADA PRINCIPAL - NOME PESSOAL
Nome pessoal Sartoratto, A.
100 ## - ENTRADA PRINCIPAL - NOME PESSOAL
Nome pessoal Honório, S.L.
245 ## - TÍTULO PRINCIPAL
Título principal Avaliação do teor e da composição química do óleo essencial de Mentha piperita (L.) Huds durante o período diurno em cultivo hidropônico
500 ## - NOTA GERAL
Nota geral Publicação on-line; 8 ref.; 4 illus.; Summaries (En, Pt)
942 ## - ADDED ENTRY ELEMENTS (KOHA)
Koha item type
520 ## - NOTA DE RESUMO
Nota de conteúdo <br/><br/>RESUMO: <br/><br/>A composição química do óleo essencial de Mentha piperita (Lamiaceae) é extremamente<br/>importante para a indústria farmacêutica, de cosméticos e de alimentos, podendo afetar drasticamente o<br/>valor comercial do óleo. Neste estudo, foram avaliadas a produção e a composição química do óleo<br/>essencial de M. piperita cultivada em um sistema hidropônico (NFT). Os resultados indicaram teores de<br/>óleo essencial significativamente diferentes, variando entre 0,71% e 1,33%. Ao longo do dia observou-se<br/>alta produção de mentona (34-42%), mentofurano (24-30%), pulegona (14-22%), acetato de mentila (3-<br/>7%) e baixa produção de mentol (5-8%) que pode ser atribuída à idade da planta.<br/><br/>Palavras-chave: Mentha piperita, hidroponia, mentol, mentona, pulegona
520 ## - NOTA DE RESUMO
Nota de conteúdo <br/><br/>ABSTRACT: <br/><br/>Evaluation of the contents and chemical composition of the essential oil from Mentha<br/>piperita (L.) Huds during daytime in hydroponic cultivation. The chemical composition of Mentha piperita<br/>(Lamiaceae) oil is very important for pharmaceutical, cosmetics and flavor industries. Moreover, it can<br/>drastically affect the commercial value of the oil. In this study, the production and the chemical composition<br/>of the essential oil from M. piperita was evaluated for plants cultivated in a hydroponic system (NFT). The<br/>results indicated that essential oil contents were significantly different, ranging from 0.71% to 1.33%.<br/>During daytime, a high production of the menthone (34-42%), menthofuran (24-30%), pulegone (14-22%),<br/>menthyl acetate (3-7%) and a low menthol production (3-7%) were observed; these figures may be attributed<br/>to the plant age.<br/><br/>Key words: Mentha piperita, hydroponics, menthol, menthone, pulegone
650 ## - ASSUNTO - THESAGRO
Cabeçalho tópico ou nome geográfico MENTHA PIPERITA
650 ## - ASSUNTO - THESAGRO
Cabeçalho tópico ou nome geográfico CULTIVO HIDROPÔNICO
650 ## - ASSUNTO - THESAGRO
Cabeçalho tópico ou nome geográfico COMPOSIÇÃO QUÍMICA
650 ## - ASSUNTO - THESAGRO
Cabeçalho tópico ou nome geográfico ÓLEO ESSENCIAL
773 0# - ENTRADA ANALÍTICA
Host Biblionumber 3543
Registro do item 313785
Imprenta Botucatu-SP Instituto de Biociências - Departamento de Química e Bioquímica 1998
Outro identificador 2024-0053
Título Revista Brasileira de Plantas Medicinais (Brazil)
ISSN 1516-0572
Colação v. 8(4) p. 108-111; (2006)
Número de controle de registro BR2024000086
856 ## - ACESSO E ENDEREÇO ELETRÔNICO
Identificador uniforme de recurso - URI http://www.sbpmed.org.br/admin/files/papers/file_bSY7FnfFYVPI.pdf

Nenhum exemplar disponível.

BINAGRI

Telefone: (61)3218-2567/2388/3357/2097 - binagri@agro.gov.br

Ministério da Agricultura e Pecuária , Esplanada dos Ministérios, Bloco D, Anexo B, Brasília/DF, CEP: 70.043-900